000 00622nam a2200241Ia 4500
003 OSt
005 20221007100238.0
006 a|||||r|||| 00| 0
007 ta
008 221006b |||||||| |||| 00| 0 eng d
024 _a4,076
037 _cTextual
040 _aLCO
_cLCO
_beng
041 _2eng
_aeng
082 _aV1N4, L5
100 _aBAILEY S D
_998660
245 0 _aProcedure of the UN Security Council
260 _aOxford
_bClarendan Press
_c1975
300 _a424
650 _aUN SECURITY COUNCIL
_9701412
942 _hV1N4, L5
_cTEXL
999 _c1173639
_d1173639